[Event "Railway 5 Countries 32nd"]
[Site "Berlin"]
[Date "2022.09.17"]
[Round "5.3"]
[White "Haar, Bjarne"]
[Black "Grahl, Arvid"]
[Result "0-1"]
[WhiteElo "1990"]
[BlackElo "2170"]
[PlyCount "76"]
[EventDate "2022.09.15"]
[EventType "team-tourn"]
[EventRounds "5"]
[EventCountry "GER"]
[SourceTitle "CBM 210 Extra"]
[Source "ChessBase"]
[SourceDate "2022.11.30"]
[SourceVersion "1"]
[SourceVersionDate "2022.11.30"]
[SourceQuality "1"]
[WhiteTeam "Denmark"]
[BlackTeam "Germany"]
[WhiteTeamCountry "DEN"]
[BlackTeamCountry "GER"]

1. d4 Nf6 2. Nf3 g6 3. Bg5 Bg7 4. Nbd2 0-0 5. c3 d6 6. e3 Nbd7 7. Bc4 e5 8. Qc2 exd4 9. cxd4 Nb6 10. Bb3 d5 11. 0-0 Bf5 12. Qc3 h6 13. Bf4 Rc8 14. h3 c5 15. Qa5 c4 16. Bd1 g5 17. Be5 a6 18. Qb4 Re8 19. Bh2 Bf8 20. Qa5 Nbd7 21. Qc3 b5 22. a3 a5 23. b4 axb4 24. axb4 Qe7 25. Ra5 Qxb4 26. Qxb4 Bxb4 27. Rxb5 Bxd2 28. Nxd2 c3 29. e4 c2 30. Bxc2 Rxc2 31. Rd1 Bxe4 32. Nxe4 Rxe4 33. g4 Ree2 34. Bg3 Ne4 35. Rxd5 Nxg3 36. fxg3 Nf6 37. Rf5 Ne4 38. Rf3 Rg2+ 0-1

[Event "Oberliga Nord N 2122"]
[Site "Germany"]
[Date "2022.05.29"]
[Round "5.6"]
[White "Gottuk, Stefan"]
[Black "Grahl, Arvid"]
[Result "0-1"]
[WhiteElo "2160"]
[BlackElo "2172"]
[PlyCount "140"]
[EventDate "2021.10.31"]
[EventType "team-tourn"]
[EventRounds "9"]
[EventCountry "GER"]
[SourceTitle "EXT 2024"]
[Source "ChessBase"]
[SourceDate "2023.10.10"]
[SourceVersion "1"]
[SourceVersionDate "2023.10.10"]
[SourceQuality "1"]
[WhiteTeam "Hamburg Diogenes"]
[BlackTeam "Schwerin"]
[WhiteTeamCountry "GER"]
[BlackTeamCountry "GER"]

1. e4 c6 2. d4 d5 3. exd5 cxd5 4. c3 Nf6 5. Bf4 Nc6 6. Bd3 Bg4 7. Qb3 Qc8 8. Nd2 e6 9. Ngf3 Be7 10. Ne5 Bh5 11. 0-0 0-0 12. h3 Nxe5 13. Bxe5 Bg6 14. Be2 Ne4 15. Nxe4 Bxe4 16. Rfe1 Qc6 17. Bb5 Qb6 18. Bf1 Qc6 19. a4 Bd6 20. Bxd6 Qxd6 21. a5 Rfc8 22. Ra4 Rc7 23. Rb4 Qe7 24. Rb5 Rd8 25. Qb4 Qxb4 26. Rxb4 g5 27. f3 Bg6 28. g3 Kg7 29. Kf2 h5 30. h4 gxh4 31. gxh4 Bf5 32. Be2 Kf6 33. Rg1 Rh8 34. Rg5 Ke7 35. f4 Bg6 36. Bf3 Kd6 37. Bxd5 exd5 38. f5 Bh7 39. Rxh5 f6 40. b3 Rg8 41. c4 Rg4 42. c5+ Kc6 43. Kf3 Re4 44. a6 bxa6 45. Rb8 Rxd4 46. Rh8 Rb7 47. R5xh7 Rxb3+ 48. Ke2 Re4+ 49. Kd2 Kxc5 50. Rxa7 Ra3 51. Rc8+ Kd4 52. Rb7 a5 53. Kc2 Rxh4 54. Rb6 Rh2+ 55. Kb1 Ke5 56. Rcc6 Rf3 57. Re6+ Kd4 58. Rbc6 Rxf5 59. Rxf6 Rxf6 60. Rxf6 Kc4 61. Ra6 Kb5 62. Rd6 Rd2 63. Kc1 Rd4 64. Kc2 a4 65. Rd8 Rc4+ 66. Kd3 Rc5 67. Kd4 Kb4 68. Ra8 Ra5 69. Rb8+ Rb5 70. Ra8 Kb3 0-1

[Event "Oberliga Nord N 2122"]
[Site "Germany"]
[Date "2022.05.15"]
[Round "4.5"]
[White "Krause, Ullrich"]
[Black "Grahl, Arvid"]
[Result "1/2-1/2"]
[WhiteElo "2208"]
[BlackElo "2148"]
[PlyCount "46"]
[EventDate "2021.10.31"]
[EventType "team-tourn"]
[EventRounds "9"]
[EventCountry "GER"]
[SourceTitle "EXT 2023"]
[Source "ChessBase"]
[SourceDate "2022.10.05"]
[SourceVersion "1"]
[SourceVersionDate "2022.10.05"]
[SourceQuality "1"]
[WhiteTeam "Luebeck"]
[BlackTeam "Schwerin"]
[WhiteTeamCountry "GER"]
[BlackTeamCountry "GER"]

1. Nf3 Nf6 2. c4 g6 3. g3 Bg7 4. d4 0-0 5. Bg2 d6 6. 0-0 Nc6 7. Nc3 a6 8. b3 Rb8 9. Nd5 Nxd5 10. cxd5 Nb4 11. e4 a5 12. a3 Na6 13. Be3 c6 14. dxc6 bxc6 15. Qc2 c5 16. Rab1 Bg4 17. dxc5 Nxc5 18. b4 axb4 19. axb4 Ne6 20. Qd2 Qd7 21. h3 Bxf3 22. Bxf3 Nc7 23. Bg2 Nb5 1/2-1/2

[Event "Oberliga Nord N 2122"]
[Site "Germany"]
[Date "2022.04.03"]
[Round "8.6"]
[White "Grahl, Arvid"]
[Black "Wagner, Friedrich"]
[Result "1-0"]
[WhiteElo "2148"]
[BlackElo "2143"]
[PlyCount "79"]
[EventDate "2021.10.31"]
[EventType "team-tourn"]
[EventRounds "9"]
[EventCountry "GER"]
[SourceTitle "EXT 2023"]
[Source "ChessBase"]
[SourceDate "2022.10.05"]
[SourceVersion "1"]
[SourceVersionDate "2022.10.05"]
[SourceQuality "1"]
[WhiteTeam "Schwerin"]
[BlackTeam "Hamburg Koenigsspringer"]
[WhiteTeamCountry "GER"]
[BlackTeamCountry "GER"]

1. d4 d5 2. c4 c6 3. Nc3 Nf6 4. Nf3 a6 5. c5 Bf5 6. Bf4 Nbd7 7. Qb3 Qc8 8. h3 h6 9. e3 e6 10. Be2 Be7 11. 0-0 0-0 12. Qd1 Bd8 13. b4 Bc7 14. a4 Qb8 15. Bxc7 Qxc7 16. b5 axb5 17. axb5 Rfb8 18. b6 Qd8 19. Qb3 Rxa1 20. Rxa1 Qe8 21. Ra7 e5 22. Qa2 Bg6 23. Nd2 Nh7 24. Nb3 Nhf8 25. Na5 Qc8 26. Nxb7 exd4 27. exd4 Ne6 28. Nd6 Qd8 29. Bg4 Nxb6 30. Bxe6 fxe6 31. cxb6 Qxd6 32. Ra8 Kh7 33. Rxb8 Qxb8 34. Qa7 Qf4 35. Ne2 Qd2 36. b7 Qxe2 37. b8Q Qe1+ 38. Kh2 Qxf2 39. Qe5 Bf7 40. Qa3 1-0

[Event "Oberliga Nord N 2122"]
[Site "Germany"]
[Date "2022.03.20"]
[Round "7.5"]
[White "Grahl, Arvid"]
[Black "Junge, Ralph"]
[Result "0-1"]
[WhiteElo "2148"]
[BlackElo "2224"]
[PlyCount "72"]
[EventDate "2021.10.31"]
[EventType "team-tourn"]
[EventRounds "9"]
[EventCountry "GER"]
[SourceTitle "EXT 2023"]
[Source "ChessBase"]
[SourceDate "2022.10.05"]
[SourceVersion "1"]
[SourceVersionDate "2022.10.05"]
[SourceQuality "1"]
[WhiteTeam "Schwerin"]
[BlackTeam "Kiel Turm II"]
[WhiteTeamCountry "GER"]
[BlackTeamCountry "GER"]

1. d4 e6 2. c4 f5 3. Nf3 Nf6 4. g3 d5 5. Bg2 Be7 6. 0-0 Ne4 7. b3 Nc6 8. Bb2 h5 9. Ne5 Nxe5 10. dxe5 h4 11. Nc3 hxg3 12. hxg3 Bc5 13. Nxe4 fxe4 14. Bd4 Bxd4 15. Qxd4 c6 16. Qe3 Rh5 17. f4 Bd7 18. Kf2 Qb6 19. c5 Qb5 20. Rh1 Rxh1 21. Rxh1 0-0-0 22. Qd4 Rg8 23. Rh7 Qa5 24. a4 b6 25. b4 Qxa4 26. cxb6 a5 27. Bxe4 Qxb4 28. Qxb4 axb4 29. Bg6 b3 30. Ke3 c5 31. Kd2 Kb7 32. Bf7 Ra8 33. Kc3 c4 34. Rxg7 Kxb6 35. f5 Kb5 36. fxe6 Ra2 0-1

[Event "Oberliga Nord N 1920"]
[Site "Germany"]
[Date "2020.03.01"]
[Round "7.7"]
[White "Grahl, Arvid"]
[Black "Ghadimi, Mohammed Reza"]
[Result "1/2-1/2"]
[WhiteElo "2190"]
[BlackElo "2132"]
[PlyCount "60"]
[EventDate "2019.09.29"]
[EventType "team-tourn"]
[EventRounds "9"]
[EventCountry "GER"]
[SourceTitle "CBM 195 Extra"]
[Source "ChessBase"]
[SourceDate "2020.05.31"]
[SourceVersion "1"]
[SourceVersionDate "2020.05.31"]
[SourceQuality "1"]

1. d4 Nf6 2. c4 g6 3. Nc3 d5 4. Nf3 Bg7 5. Qb3 dxc4 6. Qxc4 0-0 7. e4 Na6 8. Be2 c5 9. d5 e6 10. 0-0 exd5 11. exd5 b5 12. Nxb5 Qxd5 13. Qxd5 Nxd5 14. Rd1 Nac7 15. Nxc7 Nxc7 16. Bf4 Ba6 17. Bxa6 Nxa6 18. Rd2 Nb4 19. a3 Nc6 20. Be3 Rfc8 21. Rad1 Na5 22. Rc2 Nb3 23. Kf1 Rd8 24. Rxd8+ Rxd8 25. Ke2 a5 26. Nd2 a4 27. Nxb3 axb3 28. Rxc5 Bxb2 29. Rb5 Bxa3 30. Rxb3 Bf8 1/2-1/2

[Event "MVP-ch Seniors op 19th"]
[Site "Ostseebad Binz"]
[Date "2019.12.04"]
[Round "8"]
[White "Grahl, Arvid"]
[Black "Thiel, Kuno"]
[Result "0-1"]
[WhiteElo "2196"]
[BlackElo "2175"]
[PlyCount "40"]
[EventDate "2019.11.27"]
[EventType "swiss"]
[EventRounds "9"]
[EventCountry "GER"]
[SourceTitle "EXT 2021"]
[Source "ChessBase"]
[SourceDate "2020.10.23"]
[SourceVersion "1"]
[SourceVersionDate "2020.10.23"]
[SourceQuality "1"]

1. d4 Nf6 2. c4 e6 3. Nc3 Bb4 4. e3 Bxc3+ 5. bxc3 b6 6. Bd3 Bb7 7. Ne2 d6 8. 0-0 Nbd7 9. Ng3 h5 10. Qc2 Qe7 11. f4 0-0-0 12. a4 a5 13. Ba3 Ng4 14. Rae1 Qh4 15. h3 Qxg3 16. hxg4 hxg4 17. Be4 Rh2 18. Qf2 Rh1+ 19. Kxh1 Rh8+ 20. Kg1 Qh2# 0-1

[Event "Mecklenburg VP VL1819"]
[Site "Mecklenburg VP"]
[Date "2019.04.07"]
[Round "9.1"]
[White "Grahl, Arvid"]
[Black "Schmekel, Florian"]
[Result "1/2-1/2"]
[WhiteElo "2100"]
[BlackElo "2016"]
[PlyCount "134"]
[EventDate "2018.10.21"]
[EventType "team-tourn"]
[EventRounds "9"]
[EventCountry "GER"]
[SourceTitle "EXT 2022"]
[Source "ChessBase"]
[SourceDate "2021.10.06"]
[SourceVersion "1"]
[SourceVersionDate "2021.10.06"]
[SourceQuality "1"]
[WhiteTeam "Schwerin SF II"]
[BlackTeam "Torgelow Droegeheide"]
[WhiteTeamCountry "GER"]
[BlackTeamCountry "GER"]

1. d4 Nf6 2. c4 e6 3. Nc3 Bb4 4. Qc2 c5 5. dxc5 Bxc5 6. Nf3 Nc6 7. Bf4 0-0 8. e3 b6 9. Be2 Bb7 10. a3 Rc8 11. 0-0 Be7 12. Rfd1 a6 13. b4 d6 14. Qd2 Ne8 15. Rac1 a5 16. Rb1 axb4 17. axb4 Ra8 18. e4 e5 19. Be3 Nf6 20. h3 Nb8 21. Bd3 Nbd7 22. Ra1 Qc7 23. Nd5 Nxd5 24. cxd5 Rxa1 25. Rxa1 Ra8 26. Rc1 Qb8 27. Qc2 Bd8 28. Bb5 Nf6 29. Nd2 Qa7 30. Bc6 Rc8 31. Qb2 Bxc6 32. Rxc6 Rxc6 33. dxc6 Qc7 34. b5 d5 35. exd5 Nxd5 36. Nc4 f6 37. Qb3 Qf7 38. Qd3 Bc7 39. Qf5 Qe8 40. f3 g6 41. Qd3 Qe6 42. Bd2 f5 43. Ne3 Nf6 44. Qc4 Qxc4 45. Nxc4 Kf7 46. Bc3 Ke6 47. Bxe5 Bxe5 48. Nxe5 Nd5 49. Nc4 Nc7 50. Nxb6 Nxb5 51. Nc4 Kd5 52. Na5 Nc7 53. Kf2 Kc5 54. Kg3 Ne6 55. c7 Nxc7 56. Kf4 Kd5 57. Kg5 Ne6+ 58. Kh6 Nf4 59. Kxh7 Nxg2 60. Kxg6 Nf4+ 61. Kxf5 Nxh3 62. Kg4 Ng1 63. f4 Ne2 64. f5 Nd4 65. f6 Ke6 66. Kg5 Kf7 67. Nc4 Nf3+ 1/2-1/2

[Event "Mecklenburg VP VL1819"]
[Site "Mecklenburg VP"]
[Date "2019.02.24"]
[Round "6.3"]
[White "Grahl, Arvid"]
[Black "Hamann, Dirk"]
[Result "1-0"]
[WhiteElo "2100"]
[BlackElo "1880"]
[PlyCount "77"]
[EventDate "2018.10.21"]
[EventType "team-tourn"]
[EventRounds "9"]
[EventCountry "GER"]
[SourceTitle "EXT 2022"]
[Source "ChessBase"]
[SourceDate "2021.10.06"]
[SourceVersion "1"]
[SourceVersionDate "2021.10.06"]
[SourceQuality "1"]
[WhiteTeam "Schwerin SF II"]
[BlackTeam "Warnemuende SF Ostsee"]
[WhiteTeamCountry "GER"]
[BlackTeamCountry "GER"]

1. d4 Nf6 2. c4 e5 3. dxe5 Ng4 4. Bf4 Nc6 5. Nf3 Bb4+ 6. Nbd2 Qe7 7. e3 Ngxe5 8. Nxe5 Nxe5 9. Be2 0-0 10. 0-0 Bxd2 11. Qxd2 d6 12. b4 Bf5 13. Qc3 Rfe8 14. Rfd1 Qf6 15. Qd4 Qg6 16. c5 Nc6 17. Qc3 dxc5 18. Qxc5 Rac8 19. b5 Nd8 20. Qxa7 Ne6 21. Bf3 Be4 22. Bxe4 Qxe4 23. f3 Qf5 24. Qxb7 Nxf4 25. exf4 Qxf4 26. Qd5 Qe3+ 27. Kh1 h6 28. a4 Qf2 29. Rf1 Qe3 30. h3 Rcd8 31. Qc6 Qf4 32. Rfe1 Rxe1+ 33. Rxe1 Rd4 34. a5 h5 35. a6 Qh4 36. Ra1 Qg3 37. a7 Rh4 38. a8Q+ Kh7 39. Qc8 1-0

[Event "MVP-ch Seniors op 18th"]
[Site "Ostseebad Binz"]
[Date "2018.12.05"]
[Round "8"]
[White "Grahl, Arvid"]
[Black "Kirmas, Joachim"]
[Result "1-0"]
[WhiteElo "2177"]
[BlackElo "2021"]
[PlyCount "61"]
[EventDate "2018.11.28"]
[EventType "swiss"]
[EventRounds "9"]
[EventCountry "GER"]
[SourceTitle "CBM 188 Extra"]
[Source "ChessBase"]
[SourceDate "2019.02.26"]
[SourceVersion "1"]
[SourceVersionDate "2019.02.26"]
[SourceQuality "1"]

1. d4 Nf6 2. c4 e5 3. dxe5 Ng4 4. Bf4 Nc6 5. Nf3 Bb4+ 6. Nbd2 Qe7 7. e3 Ngxe5 8. Nxe5 Nxe5 9. Be2 0-0 10. 0-0 Bxd2 11. Qxd2 d6 12. b4 b6 13. Qc3 Qf6 14. Rac1 a5 15. a3 axb4 16. axb4 Nd7 17. Qxf6 Nxf6 18. Bf3 Ra4 19. c5 Rd8 20. cxd6 cxd6 21. Bxd6 Ba6 22. Rfd1 h6 23. Bc6 Ra2 24. b5 Bc8 25. Bc7 Rxd1+ 26. Rxd1 Kh7 27. h3 Be6 28. Bxb6 Bb3 29. Rb1 Bc2 30. Rb4 Kg6 31. Bd8 1-0

[Event "MVP-ch Seniors op 18th"]
[Site "Ostseebad Binz"]
[Date "2018.12.03"]
[Round "6"]
[White "Grahl, Arvid"]
[Black "Krueger, Horst"]
[Result "1-0"]
[WhiteElo "2177"]
[BlackElo "2000"]
[PlyCount "43"]
[EventDate "2018.11.28"]
[EventType "swiss"]
[EventRounds "9"]
[EventCountry "GER"]
[SourceTitle "CBM 188 Extra"]
[Source "ChessBase"]
[SourceDate "2019.02.26"]
[SourceVersion "1"]
[SourceVersionDate "2019.02.26"]
[SourceQuality "1"]

1. d4 d5 2. c4 c6 3. Nf3 Nf6 4. Nc3 Bf5 5. cxd5 Nxd5 6. Qb3 Qb6 7. Nxd5 Qxb3 8. Nc7+ Kd8 9. axb3 Kxc7 10. Bf4+ Kc8 11. Ne5 f6 12. Nc4 Nd7 13. f3 Bc2 14. e4 Bxb3 15. d5 Bxc4 16. Bxc4 e5 17. dxe6 Nb6 18. Bb3 Bb4+ 19. Ke2 Kd8 20. Rhd1+ Ke7 21. Bc7 Rhd8 22. Bxd8+ 1-0

[Event "Oberliga Nord N 1718"]
[Site "Germany"]
[Date "2018.02.25"]
[Round "7.6"]
[White "Wirthgen, Peter"]
[Black "Grahl, Arvid"]
[Result "0-1"]
[WhiteElo "2035"]
[BlackElo "2203"]
[PlyCount "80"]
[EventDate "2017.10.08"]
[EventType "team-tourn"]
[EventRounds "9"]
[EventCountry "GER"]
[SourceTitle "EXT 2019"]
[Source "ChessBase"]
[SourceDate "2018.10.10"]
[SourceVersion "1"]
[SourceVersionDate "2018.10.10"]
[SourceQuality "1"]
[WhiteTeam "Eppendorf Johanneum"]
[BlackTeam "Schwerin"]
[WhiteTeamCountry "GER"]
[BlackTeamCountry "GER"]

1. d4 Nf6 2. c4 g6 3. Nc3 Bg7 4. e4 d6 5. Be2 0-0 6. Nf3 e5 7. 0-0 Nh5 8. Re1 Nf4 9. Bf1 Bg4 10. d5 Qf6 11. Be2 a5 12. Be3 Na6 13. h3 Bd7 14. Bf1 g5 15. Nh2 Qg6 16. f3 f5 17. Bd3 Nxd3 18. Qxd3 f4 19. Bf2 h5 20. Qe2 Bf6 21. Reb1 Kf7 22. Kf1 Rg8 23. a3 g4 24. fxg4 hxg4 25. Nxg4 Bxg4 26. hxg4 Qxg4 27. Qf3 Rg6 28. Ke2 Qxg2 29. Rg1 Qxf3+ 30. Kxf3 Rh6 31. Rg4 Rh3+ 32. Ke2 Rh2 33. Rag1 Nc5 34. R1g2 Rh3 35. Kd2 Nd3 36. Bh4 f3 37. R2g3 Rxh4 38. Rxh4 Bxh4 39. Rg4 f2 40. Ke2 Nf4+ 0-1

[Event "Oberliga Nord N 1718"]
[Site "Germany"]
[Date "2018.01.21"]
[Round "5.7"]
[White "Grahl, Arvid"]
[Black "Svane, Frederik"]
[Result "1-0"]
[WhiteElo "2203"]
[BlackElo "2234"]
[PlyCount "87"]
[EventDate "2017.10.08"]
[EventType "team-tourn"]
[EventRounds "9"]
[EventCountry "GER"]
[SourceTitle "EXT 2019"]
[Source "ChessBase"]
[SourceDate "2018.10.10"]
[SourceVersion "1"]
[SourceVersionDate "2018.10.10"]
[SourceQuality "1"]
[WhiteTeam "Schwerin"]
[BlackTeam "Luebeck"]
[WhiteTeamCountry "GER"]
[BlackTeamCountry "GER"]

1. d4 d5 2. c4 c6 3. Nf3 Nf6 4. Qc2 e6 5. Bg5 Be7 6. e3 Nbd7 7. Nc3 0-0 8. a3 b6 9. cxd5 cxd5 10. Bd3 Bb7 11. 0-0 Rc8 12. Rac1 a6 13. a4 h6 14. Bh4 Ne8 15. Bg3 Bd6 16. Qe2 Bxg3 17. hxg3 Nc7 18. Rc2 Nb8 19. Ne5 a5 20. Rfc1 Nc6 21. Nxc6 Bxc6 22. Nb5 Nxb5 23. Bxb5 Bb7 24. Rxc8 Bxc8 25. Qc2 Bd7 26. Qc7 Bxb5 27. axb5 Qxc7 28. Rxc7 Rb8 29. Kf1 g6 30. Ke2 h5 31. f3 Kg7 32. e4 a4 33. Rc6 Kf8 34. Ke3 Ke7 35. Kf4 Rb7 36. exd5 exd5 37. Ke5 Ra7 38. Rxb6 a3 39. bxa3 Rxa3 40. Rb7+ Ke8 41. Kd6 Kf8 42. Rb8+ Kg7 43. b6 Ra2 44. Rd8 1-0

[Event "MVP-ch Seniors op 17th"]
[Site "Binz"]
[Date "2017.12.07"]
[Round "9.1"]
[White "Grahl, Arvid"]
[Black "Daeubler, Heinrich"]
[Result "1/2-1/2"]
[WhiteElo "2188"]
[BlackElo "2175"]
[PlyCount "27"]
[EventDate "2017.11.29"]
[EventType "swiss"]
[EventRounds "9"]
[EventCountry "GER"]
[SourceTitle "EXT 2019"]
[Source "ChessBase"]
[SourceDate "2018.10.10"]
[SourceVersion "1"]
[SourceVersionDate "2018.10.10"]
[SourceQuality "1"]

1. d4 Nf6 2. c4 c5 3. d5 e6 4. Nc3 exd5 5. cxd5 Bd6 6. Nf3 0-0 7. Bg5 Re8 8. e3 Bc7 9. d6 Ba5 10. Bc4 h6 11. Bh4 Bxc3+ 12. bxc3 Nc6 13. Qa4 g5 14. Bg3 1/2-1/2

[Event "MVP-ch Seniors op 17th"]
[Site "Binz"]
[Date "2017.12.06"]
[Round "8.1"]
[White "Baumbach, Friedrich"]
[Black "Grahl, Arvid"]
[Result "1/2-1/2"]
[WhiteElo "2152"]
[BlackElo "2188"]
[PlyCount "81"]
[EventDate "2017.11.29"]
[EventType "swiss"]
[EventRounds "9"]
[EventCountry "GER"]
[SourceTitle "EXT 2019"]
[Source "ChessBase"]
[SourceDate "2018.10.10"]
[SourceVersion "1"]
[SourceVersionDate "2018.10.10"]
[SourceQuality "1"]

1. d4 Nf6 2. c4 g6 3. Nc3 Bg7 4. e4 d6 5. Nf3 0-0 6. Be2 e5 7. 0-0 Nh5 8. Re1 Nf4 9. Bf1 Bg4 10. d5 Qf6 11. Be2 a5 12. Be3 Na6 13. Nd2 Nxe2+ 14. Nxe2 Nc5 15. f3 Bd7 16. b3 Qe7 17. Qc2 f5 18. a3 fxe4 19. fxe4 Bf6 20. b4 axb4 21. axb4 Rxa1 22. Rxa1 Bg5 23. Qc3 Na6 24. Nf3 Bxe3+ 25. Qxe3 Bg4 26. Rb1 Kg7 27. Rb3 h6 28. Nc1 Qd7 29. Nd3 Qa4 30. Nf2 Bxf3 31. gxf3 Nxb4 32. Qc3 c5 33. dxc6 Nxc6 34. Rxb7+ Rf7 35. Rxf7+ Kxf7 36. Qe3 g5 37. Qb6 Qxc4 38. Qc7+ Ke6 39. Qc8+ Ke7 40. Qc7+ Ke6 41. Qc8+ 1/2-1/2

[Event "MVP-ch Seniors op 17th"]
[Site "Binz"]
[Date "2017.12.04"]
[Round "6.3"]
[White "Grahl, Arvid"]
[Black "Kotlar, Alfred"]
[Result "1-0"]
[WhiteElo "2188"]
[BlackElo "2047"]
[PlyCount "88"]
[EventDate "2017.11.29"]
[EventType "swiss"]
[EventRounds "9"]
[EventCountry "GER"]
[SourceTitle "EXT 2019"]
[Source "ChessBase"]
[SourceDate "2018.10.10"]
[SourceVersion "1"]
[SourceVersionDate "2018.10.10"]
[SourceQuality "1"]

1. d4 d5 2. c4 c6 3. Nf3 Bf5 4. cxd5 Bxb1 5. Rxb1 Qxd5 6. a3 Nd7 7. Qd3 Ngf6 8. g3 Qe4 9. Qxe4 Nxe4 10. Bg2 e6 11. 0-0 Be7 12. Ne1 Nef6 13. Nd3 Rd8 14. e3 0-0 15. Bd2 Nb6 16. Rfc1 Rb8 17. Nc5 Rfd8 18. f4 Nfd7 19. b4 a6 20. g4 g5 21. fxg5 Bxg5 22. Ne4 Be7 23. Be1 Nd5 24. Rb3 N7f6 25. Bg3 Ra8 26. Nf2 Ne8 27. e4 Bg5 28. Re1 Nf4 29. Bf3 Ng6 30. Rd3 Rd7 31. Red1 Rad8 32. d5 cxd5 33. exd5 e5 34. Ne4 Bf4 35. Nc5 Nd6 36. Nxd7 Rxd7 37. Re1 f6 38. Bf2 b5 39. Be4 Nc4 40. Bf5 Rd8 41. Bc5 Kf7 42. Be6+ Kg7 43. d6 e4 44. Rxe4 Nxd6 1-0

[Event "Oberliga Nord N 1617"]
[Site "Germany"]
[Date "2017.04.23"]
[Round "8.6"]
[White "Grahl, Arvid"]
[Black "Lampe, Joerg"]
[Result "1-0"]
[WhiteElo "2195"]
[BlackElo "2119"]
[PlyCount "68"]
[EventDate "2016.10.16"]
[EventType "team-tourn"]
[EventRounds "9"]
[EventCountry "GER"]
[SourceTitle "EXT 2018"]
[Source "ChessBase"]
[SourceDate "2017.10.13"]
[SourceVersion "1"]
[SourceVersionDate "2017.10.13"]
[SourceQuality "1"]
[WhiteTeam "Schwerin"]
[BlackTeam "Hamburg Koenigsspringer"]
[WhiteTeamCountry "GER"]
[BlackTeamCountry "GER"]

1. d4 d5 2. c4 e6 3. Nc3 c5 4. cxd5 exd5 5. Nf3 Nc6 6. g3 Nf6 7. Bg2 Be7 8. 0-0 0-0 9. dxc5 Bxc5 10. a3 Be6 11. b4 Be7 12. Bb2 Qd7 13. e3 Rfd8 14. Ne2 Bg4 15. Rc1 Ne4 16. Qd3 Bxf3 17. Bxf3 Qf5 18. Bg2 Nxg3 19. Qxf5 Nxf5 20. Rfd1 Bf6 21. Bxf6 gxf6 22. Bxd5 Nfe7 23. Bg2 Rxd1+ 24. Rxd1 Rd8 25. Rxd8+ Nxd8 26. Nd4 b6 27. Be4 Ne6 28. Nc6 Nxc6 29. Bxc6 Ng7 30. Kg2 Nf5 31. Kf3 Nd6 32. Bd5 Kf8 33. h4 Ke7 34. Kf4 Kf8 1-0

[Event "Oberliga Nord N 1617"]
[Site "Germany"]
[Date "2016.11.20"]
[Round "2.6"]
[White "Grahl, Arvid"]
[Black "Groetzbach, Julian"]
[Result "1/2-1/2"]
[WhiteElo "2195"]
[BlackElo "2213"]
[PlyCount "54"]
[EventDate "2016.10.16"]
[EventType "team-tourn"]
[EventRounds "9"]
[EventCountry "GER"]
[SourceTitle "EXT 2018"]
[Source "ChessBase"]
[SourceDate "2017.10.13"]
[SourceVersion "1"]
[SourceVersionDate "2017.10.13"]
[SourceQuality "1"]
[WhiteTeam "Schwerin"]
[BlackTeam "Hamburger SK"]
[WhiteTeamCountry "GER"]
[BlackTeamCountry "GER"]

1. d4 d5 2. c4 c6 3. Nf3 Nf6 4. Qc2 g6 5. Bf4 Bg7 6. e3 0-0 7. Nc3 c5 8. dxc5 Qa5 9. Rd1 dxc4 10. Bxc4 Nc6 11. Qb3 Ne4 12. 0-0 Nxc3 13. bxc3 Qxc3 14. Qa4 Bf5 15. Rc1 Qb4 16. Qxb4 Nxb4 17. Be5 Nd3 18. Bxg7 Kxg7 19. Bxd3 Bxd3 20. Rfd1 Rfd8 21. Nd4 Be4 22. Nb5 a6 23. Nc3 Bc6 24. f3 Rac8 25. Rxd8 Rxd8 26. Rc2 Rc8 27. Kf2 Kf6 1/2-1/2

[Event "Oberliga Nord N 1516"]
[Site "Germany"]
[Date "2016.03.13"]
[Round "8.2"]
[White "Schroeder, Christoph"]
[Black "Grahl, Arvid"]
[Result "0-1"]
[WhiteElo "2190"]
[BlackElo "2181"]
[PlyCount "90"]
[EventDate "2015.09.20"]
[EventType "team-tourn"]
[EventRounds "9"]
[EventCountry "GER"]
[SourceTitle "EXT 2017"]
[Source "ChessBase"]
[SourceDate "2016.10.25"]
[SourceVersion "1"]
[SourceVersionDate "2016.10.25"]
[SourceQuality "1"]
[WhiteTeam "Eppendorf Johanneum"]
[BlackTeam "Schwerin"]
[WhiteTeamCountry "GER"]
[BlackTeamCountry "GER"]

1. d4 Nf6 2. c4 g6 3. Nc3 Bg7 4. e4 d6 5. Be2 0-0 6. Bg5 Na6 7. Qd2 c6 8. 0-0-0 Qa5 9. Kb1 e5 10. d5 cxd5 11. Nxd5 Qxd2 12. Nxf6+ Bxf6 13. Bxd2 Be6 14. Be3 Be7 15. b3 Nc5 16. f3 f5 17. Bd3 Nxd3 18. Rxd3 fxe4 19. fxe4 Rf1+ 20. Kc2 Raf8 21. Rd1 Rxd1 22. Kxd1 Rf1+ 23. Kc2 a6 24. h4 Bg4 25. Rh2 Re1 26. Kd2 Ra1 27. a4 Bd8 28. Nh3 Bxh4 29. Ng5 Be1+ 30. Kc2 h5 31. Bc1 Bg3 32. Rh1 Rxc1+ 33. Rxc1 Bf4 34. Rb1 Bxg5 35. b4 Be3 36. Kd3 Bd4 37. a5 h4 38. b5 h3 39. gxh3 Bxh3 40. bxa6 bxa6 41. Ke2 Bg4+ 42. Kd3 g5 43. Rb8+ Kf7 44. Ra8 Be6 45. Rxa6 g4 0-1

[Event "BL2-Nord 1516"]
[Site "Germany"]
[Date "2016.01.31"]
[Round "6.6"]
[White "Grahl, Arvid"]
[Black "Engel, Luis"]
[Result "1/2-1/2"]
[WhiteElo "2194"]
[BlackElo "2117"]
[PlyCount "158"]
[EventDate "2015.09.19"]
[EventType "team-tourn"]
[EventRounds "9"]
[EventCountry "GER"]
[SourceTitle "EXT 2017"]
[Source "ChessBase"]
[SourceDate "2016.10.25"]
[SourceVersion "1"]
[SourceVersionDate "2016.10.25"]
[SourceQuality "1"]
[WhiteTeam "Schwerin"]
[BlackTeam "Hamburger SK II"]
[WhiteTeamCountry "GER"]
[BlackTeamCountry "GER"]

1. d4 c5 2. d5 d6 3. c4 g6 4. Nc3 Bg7 5. e4 e6 6. Bf4 e5 7. Be3 h5 8. f4 Bh6 9. Qd2 Nf6 10. h3 Nbd7 11. Nf3 Qe7 12. Bd3 exf4 13. Bxf4 Bxf4 14. Qxf4 0-0 15. 0-0-0 a6 16. g4 Ne5 17. Nxe5 Qxe5 18. Qh6 Bd7 19. Rdg1 b5 20. gxh5 Nxh5 21. Rg5 Qf4+ 22. Kb1 Qf3 23. Rd1 Nf4 24. h4 Be8 25. h5 b4 26. hxg6 fxg6 27. Rh1 Qxd3+ 28. Ka1 Nh5 29. Rxg6+ Bxg6 30. Qxg6+ Ng7 31. Qh7+ Kf7 32. Rg1 Qd4 33. Qg6+ Kg8 34. Ne2 Qf6 35. Qg2 Rf7 36. Ng3 Qf2 37. Qh1 Qf3 38. Qh3 Raf8 39. Rh1 Qxh1+ 40. Qxh1 Rf3 41. Nf5 R3xf5 42. exf5 Rxf5 43. Kb1 a5 44. Qh6 Rf1+ 45. Kc2 Ne8 46. Kb3 Kf7 47. Qe3 Ra1 48. Qe6+ Kf8 49. Qd7 Rg1 50. Qh7 Ra1 51. Qh4 a4+ 52. Kxa4 Rxa2+ 53. Kb5 Kf7 54. b3 Ra3 55. Qh7+ Kf8 56. Qh3 Ke7 57. Kb6 Ra2 58. Qe3+ Kf7 59. Qe6+ Kf8 60. Qc8 Ke7 61. Kc6 Kf7 62. Qb7+ Kf8 63. Qh7 Ra6+ 64. Kb7 Ra2 65. Qf5+ Ke7 66. Qe6+ Kf8 67. Qf5+ Ke7 68. Qg5+ Kf7 69. Qh4 Ra3 70. Qg3 Ke7 71. Qe3+ Kf7 72. Kb6 Ra2 73. Qe6+ Kf8 74. Qc8 Ke7 75. Kc6 Re2 76. Qg4 Ra2 77. Qh4+ Kf7 78. Qh5+ Ke7 79. Qh4+ Kf7 1/2-1/2